[Event "Chess.com Speed Chess Championship 2017/18"]
[Site "chess.com INT"]
[Date "2017.10.23"]
[EventDate "2017.05.03"]
[Round "2.24"]
[Result "1-0"]
[White "Maxime Vachier-Lagrave"]
[Black "Alexander Grischuk"]
[WhiteElo "2795"]
[BlackElo "2750"]
[PlyCount "127"]

1. d4 Nf6 2. Nf3 g6 3. g3 Bg7 4. Bg2 d5 5. O-O O-O 6. a4 a5
7. Nc3 Nc6 8. Bf4 Bf5 9. Nb5 Rc8 10. c3 Ne4 11. Qb3 Qd7
12. Rad1 Rfd8 13. Rfe1 Be6 14. Ng5 Nxg5 15. Bxg5 Nb8 16. Na7
b6 17. Nxc8 Qxc8 18. Bxe7 Rd7 19. Bg5 h6 20. Bc1 h5 21. Qc2
Nc6 22. e4 Ne7 23. exd5 Nxd5 24. Rxe6 fxe6 25. Qxg6 Nf6
26. Re1 Re7 27. Bg5 Qe8 28. Qxe8+ Rxe8 29. Bc6 Re7 30. d5 Kf7
31. dxe6+ Rxe6 32. Rxe6 Kxe6 33. Bf4 Ng4 34. Bxc7 Ne5 35. Be8
Nc4 36. b3 Nd2 37. Bxb6 Nxb3 38. Bxh5 Bxc3 39. h4 Bd4 40. Bd1
Bxb6 41. Bxb3+ Ke5 42. Kg2 Kf5 43. f4 Kg4 44. Bd1+ Kf5 45. Kf3
Bc7 46. g4+ Kg6 47. h5+ Kh6 48. Ke4 Bd8 49. g5+ Kg7 50. h6+
Kg6 51. Bc2 Bc7 52. Kf3+ Kf7 53. g6+ Kf6 54. g7 Bxf4 55. g8=Q
Bxh6 56. Qg6+ Ke5 57. Qxh6 Kd4 58. Qe3+ Kc4 59. Bb3+ Kb4
60. Ke2 Ka3 61. Kd2 Kb2 62. Qc3+ Ka3 63. Bc2+ Ka2 64. Qb3+ 1-0

[Event "Chess.com Speed Chess Championship 2017/18"]
[Site "chess.com INT"]
[Date "2017.10.23"]
[EventDate "2017.05.03"]
[Round "2.25"]
[Result "1-0"]
[White "Alexander Grischuk"]
[Black "Maxime Vachier-Lagrave"]
[WhiteElo "2750"]
[BlackElo "2795"]
[PlyCount "79"]

1. e4 g6 2. d4 Bg7 3. Nf3 d6 4. Bc4 Nf6 5. Qe2 O-O 6. O-O Nc6
7. Rd1 d5 8. exd5 Nxd5 9. h3 Re8 10. Bb3 Na5 11. Ba4 c6 12. c3
Bf5 13. Na3 b5 14. Bc2 Bxc2 15. Nxc2 Qc7 16. Ne3 e6 17. Ng4 f6
18. Ne3 Rad8 19. Bd2 Nb7 20. Be1 Nd6 21. a4 a6 22. axb5 axb5
23. b3 Nf5 24. Nxf5 exf5 25. Qf1 Nf4 26. Bd2 Bf8 27. Bxf4 Qxf4
28. Re1 Qd6 29. Rxe8 Rxe8 30. Re1 Re4 31. Qd3 Qe6 32. Rb1 Bd6
33. Kf1 Bf4 34. c4 bxc4 35. bxc4 Qe8 36. c5 Qd7 37. Rb6 Re8
38. Qb3+ Kh8 39. Rb7 Qd8 40. Qf7 1-0

[Event "Chess.com Speed Chess Championship 2017/18"]
[Site "chess.com INT"]
[Date "2017.10.23"]
[EventDate "2017.05.03"]
[Round "2.26"]
[Result "1-0"]
[White "Maxime Vachier-Lagrave"]
[Black "Alexander Grischuk"]
[WhiteElo "2795"]
[BlackElo "2750"]
[PlyCount "103"]

1. Nf3 Nf6 2. c4 c5 3. b3 g6 4. Bb2 Bg7 5. g4 h6 6. h4 d6
7. Rg1 Nc6 8. e3 Be6 9. Be2 Qd7 10. g5 hxg5 11. hxg5 Nh5
12. Bxg7 Nxg7 13. Nc3 O-O-O 14. d4 Nh5 15. d5 Ne5 16. Nxe5
dxe5 17. dxe6 Qxe6 18. Bg4 Rxd1+ 19. Rxd1 Ng7 20. Bxe6+ Nxe6
21. Ke2 b6 22. Rd5 Kc7 23. Nb5+ Kc6 24. Nxa7+ Kc7 25. Rgd1 Rd8
26. Rxd8 Nxd8 27. Rxd8 Kxd8 28. Nc6+ Kd7 29. Nxe5+ Ke6
30. Nxf7 Kxf7 31. Kf3 Ke6 32. Ke4 Kd6 33. f4 e6 34. a4 Kd7
35. Ke5 Ke7 36. e4 Kd7 37. f5 exf5 38. exf5 gxf5 39. Kxf5 Ke7
40. Kg6 Ke6 41. Kh7 Ke5 42. g6 Kd4 43. g7 Kc3 44. g8=Q Kxb3
45. Qe8 Kxc4 46. Qb5+ Kc3 47. Qxb6 c4 48. a5 Kd2 49. a6 c3
50. a7 c2 51. Qf2+ Kd1 52. a8=Q 1-0

[Event "Chess.com Speed Chess Championship 2017/18"]
[Site "chess.com INT"]
[Date "2017.10.23"]
[EventDate "2017.05.03"]
[Round "2.27"]
[Result "1/2-1/2"]
[White "Alexander Grischuk"]
[Black "Maxime Vachier-Lagrave"]
[WhiteElo "2750"]
[BlackElo "2795"]
[PlyCount "178"]

1. e4 d5 2. exd5 Nf6 3. Nf3 Qxd5 4. d4 Bg4 5. Be2 Nc6 6. h3
Bxf3 7. Bxf3 Qe6+ 8. Be3 Nd5 9. Qe2 Nxe3 10. fxe3 Qd7 11. Nd2
e6 12. O-O Be7 13. c3 O-O 14. b4 Rae8 15. Nc4 Bh4 16. b5 Nd8
17. a4 Bg3 18. Be4 f5 19. Qf3 fxe4 20. Qxg3 Nf7 21. Ne5 Nxe5
22. Qxe5 c6 23. Rxf8+ Rxf8 24. Qxe4 Qd5 25. Qxd5 cxd5 26. Rc1
Rc8 27. Kf2 Rc4 28. a5 Ra4 29. a6 bxa6 30. bxa6 Kf7 31. Rb1
Rxa6 32. Rb7+ Kf6 33. Kf3 Rc6 34. Rxa7 Rxc3 35. g4 h6 36. h4
Rc1 37. g5+ hxg5 38. hxg5+ Kxg5 39. Rxg7+ Kf6 40. Ra7 Rf1+
41. Ke2 Rf5 42. Ra8 Ke7 43. Ra7+ Kf6 44. Rb7 Rg5 45. Kd3 Rg7
46. Rb8 Rg3 47. Rf8+ Ke7 48. Ra8 Kf6 49. Rf8+ Ke7 50. Rh8 Kf6
51. Rh6+ Ke7 52. Rh7+ Kd6 53. Rh8 Rg7 54. Rd8+ Rd7 55. Ra8 Rb7
56. Rd8+ Ke7 57. Rg8 Rb3+ 58. Ke2 Rb2+ 59. Kf3 Rb1 60. Ra8
Rf1+ 61. Ke2 Rh1 62. Kd3 Rh4 63. Ra7+ Kf6 64. Ra8 Re4 65. Rf8+
Ke7 66. Rh8 Kd7 67. Rh7+ Kd6 68. Rh8 Kc6 69. Rc8+ Kd6 70. Rg8
Kd7 71. Rg7+ Kd6 72. Rg8 Kc6 73. Rc8+ Kd6 74. Rh8 Kd7 75. Rh7+
Kd6 76. Rh8 Kc6 77. Rc8+ Kd7 78. Rf8 Kd6 79. Rd8+ Ke7 80. Ra8
Kd6 81. Rd8+ Ke7 82. Rh8 Kf6 83. Rh6+ Kg7 84. Rh1 Kf7 85. Rh6
Ke7 86. Rh7+ Kd6 87. Rh8 Kc6 88. Rc8+ Kd7 89. Ra8 Kd6 1/2-1/2

[Event "Chess.com Speed Chess Championship 2017/18"]
[Site "chess.com INT"]
[Date "2017.10.23"]
[EventDate "2017.05.03"]
[Round "2.28"]
[Result "1/2-1/2"]
[White "Maxime Vachier-Lagrave"]
[Black "Alexander Grischuk"]
[WhiteElo "2795"]
[BlackElo "2750"]
[PlyCount "104"]

1. g3 g6 2. Bg2 Bg7 3. h4 Nf6 4. e4 d5 5. exd5 Bg4 6. Ne2 Nxd5
7. Nbc3 c6 8. h5 Bxh5 9. Nxd5 cxd5 10. f3 f5 11. Nf4 Qd6
12. Nxh5 gxh5 13. f4 Qg6 14. Qxh5 e6 15. c3 Nd7 16. d3 Nf6
17. Qf3 Ng4 18. Bd2 O-O 19. O-O-O b5 20. Rde1 a5 21. Qe2 Ra6
22. d4 Rb6 23. Bf3 b4 24. c4 dxc4 25. Qxc4 Nf2 26. Rhf1 Ne4
27. Bxe4 fxe4 28. Be3 Rd6 29. Kb1 Kh8 30. g4 Rfd8 31. f5 exf5
32. gxf5 Qf6 33. Qc2 Rd5 34. Qxe4 a4 35. Qc2 b3 36. axb3 axb3
37. Qxb3 R5d6 38. Qd3 Rb6 39. Re2 Rdb8 40. Rfe1 Rb3 41. Qc2
Rxb2+ 42. Qxb2 Qxf5+ 43. Kc1 Rxb2 44. Rxb2 Qc8+ 45. Rc2 Qd7
46. Rd1 h6 47. d5 Qd6 48. Bc5 Qf4+ 49. Rdd2 Qf1+ 50. Rd1 Qf4+
51. Rdd2 Qf1+ 52. Rd1 Qf4+ 1/2-1/2

[Event "London Chess Classic"]
[Site "London ENG"]
[Date "2017.12.01"]
[EventDate "2017.11.29"]
[Round "1"]
[Result "1/2-1/2"]
[White "Wesley So"]
[Black "Maxime Vachier-Lagrave"]
[WhiteElo "2788"]
[BlackElo "2789"]
[PlyCount "61"]

1. Nf3 c5 2. b3 b6 3. Bb2 Bb7 4. c4 Nf6 5. g3 e6 6. Bg2 Be7
7. Nc3 O-O 8. d4 d5 9. cxd5 Nxd5 10. dxc5 Nxc3 11. Bxc3 Qxd1+
12. Rxd1 Bxc5 13. O-O Rc8 14. Bb2 a5 15. a3 Bf8 16. Rc1 Nd7
17. Nd2 Bxg2 18. Kxg2 b5 19. Rfd1 Nc5 20. Bd4 f6 21. Bxc5 Rxc5
22. Rxc5 Bxc5 23. Nb1 Be7 24. Rc1 Rd8 25. Kf1 Kf7 26. Ke1 Ke8
27. Rc6 Rd6 28. Rc8+ Rd8 29. Rc6 Rd6 30. Rc8+ Rd8 31. Rc6
1/2-1/2

[Event "London Chess Classic"]
[Site "London ENG"]
[Date "2017.12.04"]
[EventDate "2017.12.01"]
[Round "3.5"]
[Result "1/2-1/2"]
[White "Michael Adams"]
[Black "Maxime Vachier-Lagrave"]
[WhiteElo "2715"]
[BlackElo "2789"]
[PlyCount "116"]

1. e4 c5 2. Nf3 d6 3. Bb5+ Nd7 4. a4 Nf6 5. Nc3 a6 6. Bc4 Qa5
7. Ra3 e6 8. O-O Be7 9. Re1 O-O 10. d3 Qc7 11. a5 b5 12. axb6
Nxb6 13. e5 dxe5 14. Nxe5 Bd6 15. Bf4 Nxc4 16. dxc4 Bb7
17. Bg3 Rad8 18. Qe2 Rfe8 19. Raa1 Ne4 20. Nxe4 Bxe5 21. Qh5
Bxg3 22. hxg3 Bxe4 23. Rxe4 Qb7 24. Ree1 Qxb2 25. Qxc5 Rc8
26. Qa3 Qxa3 27. Rxa3 Rxc4 28. Rxa6 Rxc2 29. g4 Rb8 30. Rea1
Rcc8 31. Ra7 g6 32. Kh2 Rc4 33. R1a4 Rxa4 34. Rxa4 Rb5 35. Kg3
Kg7 36. Ra7 h5 37. gxh5 Rxh5 38. Kf3 Rf5+ 39. Ke3 Rb5 40. g4
Rb3+ 41. Kf4 Rb4+ 42. Kg3 g5 43. f3 Kg6 44. Rc7 Rb6 45. Ra7
Rd6 46. Rc7 f5 47. gxf5+ exf5 48. Rc2 Rd3 49. Kf2 Ra3 50. Rb2
Kh5 51. Kg2 Kh4 52. Rb4+ f4 53. Rb2 g4 54. fxg4 Kxg4 55. Kf2
Rh3 56. Kg2 f3+ 57. Kg1 Kg3 58. Rg2+ fxg2 1/2-1/2

[Event "London Chess Classic"]
[Site "London ENG"]
[Date "2017.12.06"]
[EventDate "2017.11.29"]
[Round "5"]
[Result "1/2-1/2"]
[White "Levon Aronian"]
[Black "Maxime Vachier-Lagrave"]
[WhiteElo "2805"]
[BlackElo "2789"]
[PlyCount "50"]

1. d4 Nf6 2. c4 g6 3. f3 d5 4. cxd5 Nxd5 5. e4 Nb6 6. Nc3 Bg7
7. Be3 O-O 8. Qd2 e5 9. d5 c6 10. Rd1 cxd5 11. exd5 N8d7
12. Nh3 e4 13. fxe4 Ne5 14. Nf2 f5 15. Bc5 Rf7 16. Be2 f4
17. Bf3 Nbc4 18. Qe2 b6 19. Bd4 Ne3 20. Bxe3 fxe3 21. Qxe3 Qf8
22. Be2 Bh6 23. Qd4 Bg7 24. Qe3 Bh6 25. Qd4 Bg7 1/2-1/2

[Event "London Chess Classic"]
[Site "London ENG"]
[Date "2017.12.09"]
[EventDate "2017.11.29"]
[Round "7"]
[Result "0-1"]
[White "Sergey Karjakin"]
[Black "Maxime Vachier-Lagrave"]
[WhiteElo "2760"]
[BlackElo "2789"]
[PlyCount "118"]

1. e4 c5 2. Nf3 d6 3. d4 cxd4 4. Nxd4 Nf6 5. Nc3 a6 6. Bg5 e6
7. f4 h6 8. Bh4 Qb6 9. a3 Be7 10. Bf2 Qc7 11. Qf3 Nbd7
12. O-O-O b5 13. g4 Bb7 14. Bg2 g5 15. h4 gxf4 16. g5 Ne5
17. Qxf4 hxg5 18. hxg5 Rxh1 19. Rxh1 Nfd7 20. Kb1 O-O-O
21. Rh3 Kb8 22. Be3 Rg8 23. Rg3 Rg7 24. Bh3 Rh7 25. Qf2 Nc5
26. Bg2 Qc8 27. Bc1 Bd8 28. Nf3 Ng6 29. Nd4 Ne5 30. Nf3 Ng6
31. Nd4 Bb6 32. Be3 Ne5 33. b3 Rh4 34. Nde2 Qc7 35. Bd4 Ncd7
36. Bxb6 Qxb6 37. Qxb6 Nxb6 38. Nd4 Ng6 39. Kc1 Nd7 40. Kd2
Nf4 41. Ke3 Nxg2+ 42. Rxg2 Rh3+ 43. Kd2 Ne5 44. Nde2 Nf3+
45. Kc1 Nh4 46. Rg1 Ng6 47. Kd2 Kc7 48. Nd4 Kd7 49. Rf1 Ke7
50. Rg1 Ne5 51. Rg2 Ba8 52. Nde2 Nf3+ 53. Kc1 Rh1+ 54. Kb2 Nh4
55. Rg4 Ng6 56. Nf4 Nxf4 57. Rxf4 Rg1 58. Rh4 Rxg5 59. Kc1 d5
0-1

[Event "London Chess Classic"]
[Site "London ENG"]
[Date "2017.12.10"]
[EventDate "2017.11.29"]
[Round "8"]
[Result "1/2-1/2"]
[White "Maxime Vachier-Lagrave"]
[Black "Viswanathan Anand"]
[WhiteElo "2789"]
[BlackElo "2782"]
[PlyCount "53"]

1. e4 e5 2. Nf3 Nc6 3. Bc4 Bc5 4. c3 Nf6 5. d3 O-O 6. O-O d5
7. exd5 Nxd5 8. a4 a6 9. Re1 Bg4 10. h3 Bh5 11. Nbd2 f6
12. Ne4 Ba7 13. b4 Kh8 14. Bd2 Nce7 15. b5 axb5 16. axb5 c6
17. Ng3 Be8 18. Bxd5 cxd5 19. c4 Bc5 20. Rxa8 Qxa8 21. d4 exd4
22. Nxd4 Bxd4 23. Rxe7 Bc5 24. Rc7 Bb6 25. Re7 Bc5 26. Rc7 Bb6
27. Re7 1/2-1/2

[Event "World Rapid Championship"]
[Site "Riyadh KSA"]
[Date "2017.12.26"]
[EventDate "2017.12.26"]
[Round "1.2"]
[Result "1-0"]
[White "Levan Pantsulaia"]
[Black "Maxime Vachier-Lagrave"]
[WhiteElo "2612"]
[BlackElo "2789"]
[PlyCount "91"]

1. Nf3 Nf6 2. g3 g6 3. b3 Bg7 4. Bb2 O-O 5. Bg2 d6 6. d4 a5
7. O-O a4 8. b4 b5 9. Na3 c6 10. c4 bxc4 11. Nxc4 Nd5 12. a3
Nb6 13. Na5 Ba6 14. Rc1 Bb5 15. Re1 Ra7 16. Qc2 Qd7 17. e4 Rc8
18. e5 e6 19. exd6 Qxd6 20. Ne5 Rac7 21. Qc5 Qxc5 22. dxc5
N6d7 23. Nec4 Bxb2 24. Nxb2 Nf6 25. Nbc4 Rd8 26. Nd6 Ba6
27. Red1 Kf8 28. Ndc4 Rxd1+ 29. Rxd1 Ke7 30. Ne5 Nd5 31. Bxd5
cxd5 32. f4 f6 33. Nd3 Nd7 34. c6 Bxd3 35. Rxd3 Nb6 36. b5 e5
37. Nb7 d4 38. Rd1 Ke6 39. Rc1 Kd5 40. Rc5+ Ke4 41. Kf2 d3
42. Nd8 Rc8 43. c7 Nd7 44. Rc6 Kd5 45. Nb7 Nb6 46. Rd6+ 1-0

[Event "World Rapid Championship"]
[Site "Riyadh KSA"]
[Date "2017.12.26"]
[EventDate "2017.12.26"]
[Round "2.42"]
[Result "1-0"]
[White "Maxime Vachier-Lagrave"]
[Black "Mohamed Tissir"]
[WhiteElo "2789"]
[BlackElo "2381"]
[PlyCount "75"]

1. Nf3 Nf6 2. g3 g6 3. Bg2 Bg7 4. O-O O-O 5. d4 d6 6. c4 a6
7. Nc3 Nc6 8. Bf4 Rb8 9. Rc1 Bg4 10. d5 Na7 11. b4 Qd7 12. Be3
Nc8 13. c5 Bh3 14. Bd4 Bxg2 15. Kxg2 e5 16. dxe6 Qxe6 17. e4
dxc5 18. Bxc5 Re8 19. Re1 Nb6 20. Ng5 Qg4 21. Qxg4 Nxg4
22. Bxb6 Bxc3 23. Rxc3 cxb6 24. Rc7 Ne5 25. f4 h6 26. fxe5
hxg5 27. Rf1 Rf8 28. Rf6 Rbe8 29. e6 Rxe6 30. Rxe6 fxe6
31. Rxb7 b5 32. Re7 Rc8 33. Rxe6 Kf7 34. Rxa6 Rc4 35. a3 Rxe4
36. Ra5 Re3 37. Rxb5 Rxa3 38. Rxg5 1-0

[Event "World Rapid Championship"]
[Site "Riyadh KSA"]
[Date "2017.12.26"]
[EventDate "2017.12.26"]
[Round "3.27"]
[Result "0-1"]
[White "Maxime Vachier-Lagrave"]
[Black "Marin Bosiocic"]
[WhiteElo "2789"]
[BlackElo "2624"]
[PlyCount "108"]

1. Nf3 d5 2. g3 Nc6 3. d4 Bf5 4. Bg2 Nb4 5. Na3 e6 6. O-O h6
7. Ne5 Bd6 8. c3 Bxe5 9. dxe5 Nc6 10. c4 Nge7 11. cxd5 exd5
12. Nb5 O-O 13. Nd4 Nxd4 14. Qxd4 Qd7 15. b3 Rfd8 16. Bb2 Qe6
17. Rfd1 c6 18. Rac1 Re8 19. a4 Ng6 20. f4 Ne7 21. Qb4 b6
22. Qd6 Red8 23. Qxe6 fxe6 24. Ba3 c5 25. b4 c4 26. b5 Kf7
27. Bd6 Rdc8 28. Rc3 a6 29. a5 axb5 30. axb6 Rab8 31. Ra3 Rb7
32. Ra5 Bc2 33. Rc1 Ba4 34. e4 d4 35. f5 d3 36. fxe6+ Ke8
37. Bf3 g6 38. Rxa4 bxa4 39. Bd1 Ra8 40. Rxc4 a3 41. Ra4 Rxa4
42. Bxa4+ Kd8 43. Bxa3 Rxb6 44. Kf2 Ra6 45. Bxe7+ Kxe7 46. Bb3
Rb6 47. Bc4 Rb2+ 48. Kf3 d2 49. Be2 Kxe6 50. Ke3 Kxe5 51. Bd1
Ra2 52. Kd3 g5 53. Ke3 Ra3+ 54. Kxd2 Kxe4 0-1

[Event "World Rapid Championship"]
[Site "Riyadh KSA"]
[Date "2017.12.26"]
[EventDate "2017.12.26"]
[Round "4.43"]
[Result "0-1"]
[White "Igor Khenkin"]
[Black "Maxime Vachier-Lagrave"]
[WhiteElo "2554"]
[BlackElo "2789"]
[PlyCount "96"]

1. Nf3 c5 2. g3 g6 3. c3 b6 4. Bg2 Bb7 5. d4 Nf6 6. O-O Bg7
7. dxc5 bxc5 8. Qb3 Qb6 9. Ne5 Qxb3 10. axb3 Bxg2 11. Kxg2 O-O
12. Nd2 d6 13. Nd3 Nc6 14. Ra6 Rfc8 15. e4 Nd7 16. f4 Rab8
17. Re1 Rb7 18. Kf3 f5 19. exf5 gxf5 20. Nc4 Kf7 21. Rxc6 Rxc6
22. Na5 Rcc7 23. Nxb7 Rxb7 24. b4 c4 25. Nf2 a5 26. bxa5 Ra7
27. Nd1 Rxa5 28. Ne3 Nb6 29. Bd2 e6 30. Rb1 Rb5 31. b4 Kg6
32. Rd1 d5 33. Re1 Na4 34. Nd1 Kf7 35. g4 fxg4+ 36. Kxg4 h5+
37. Kf3 Bf6 38. Rg1 Rb8 39. Rg2 Rd8 40. Re2 d4 41. cxd4 Rxd4
42. Nf2 c3 43. Be1 Rxb4 44. Ne4 Rb3 45. Kf2 Rb2 46. Nxf6 Kxf6
47. Bxc3+ Nxc3 48. Rxb2 Nd1+ 0-1

[Event "World Rapid Championship"]
[Site "Riyadh KSA"]
[Date "2017.12.26"]
[EventDate "2017.12.26"]
[Round "5.29"]
[Result "0-1"]
[White "Maxime Vachier-Lagrave"]
[Black "Baskaran Adhiban"]
[WhiteElo "2789"]
[BlackElo "2655"]
[PlyCount "74"]

1. e4 c5 2. Nf3 d6 3. Bb5+ Nd7 4. a4 a6 5. Bc4 Ngf6 6. Nc3 b6
7. O-O Bb7 8. Re1 g6 9. d4 cxd4 10. Nxd4 Bg7 11. Bg5 O-O
12. Qd2 Rc8 13. Bd5 Qc7 14. Rad1 e5 15. Ndb5 axb5 16. Nxb5 Qb8
17. Bxb7 Qxb7 18. Nxd6 Qc6 19. Nxc8 Rxc8 20. b3 Nc5 21. f3 Ne6
22. Be3 Bf8 23. Kh1 h5 24. Qf2 Bc5 25. c3 Bxe3 26. Rxe3 Nc5
27. Qc2 h4 28. Ree1 Kg7 29. Rd2 Nh5 30. Red1 Ne6 31. Rd6 Qxc3
32. Qxc3 Rxc3 33. Rxb6 Nd4 34. a5 Rc2 35. Rf1 Nf4 36. a6 h3
37. gxh3 Nxf3 0-1

[Event "World Rapid Championship"]
[Site "Riyadh KSA"]
[Date "2017.12.27"]
[EventDate "2017.12.26"]
[Round "6.43"]
[Result "1/2-1/2"]
[White "Sergey Grigoriants"]
[Black "Maxime Vachier-Lagrave"]
[WhiteElo "2561"]
[BlackElo "2789"]
[PlyCount "98"]

1. Nf3 c5 2. c4 Nc6 3. d4 cxd4 4. Nxd4 Nf6 5. Nc3 e6 6. Bf4 d5
7. e3 Bb4 8. Be2 Ne4 9. Nb5 e5 10. Qxd5 Qxd5 11. cxd5 exf4
12. dxc6 bxc6 13. Bf3 cxb5 14. Bxe4 Rb8 15. exf4 O-O 16. O-O
Bxc3 17. bxc3 Be6 18. f5 Bc4 19. Rfd1 a5 20. f3 Rfc8 21. Rd2
b4 22. cxb4 axb4 23. Rc1 b3 24. axb3 Bxb3 25. Rxc8+ Rxc8
26. Rb2 Ba4 27. Rb7 h6 28. Bd5 Be8 29. h4 Kf8 30. Kf2 Rc2+
31. Kg3 Rc5 32. Be4 f6 33. Kf4 Bf7 34. g4 Rc1 35. g5 hxg5+
36. hxg5 fxg5+ 37. Kxg5 Rc5 38. Ra7 Rb5 39. Rc7 Ra5 40. Kf4
Ke8 41. Ke3 Kf8 42. Kd4 Ba2 43. Rb7 Bf7 44. Ke3 Ra3+ 45. Kf4
Ra5 46. Kg5 Re5 47. Ra7 Rc5 48. Ra8+ Ke7 49. Ra7+ Kf8 1/2-1/2

[Event "World Rapid Championship"]
[Site "Riyadh KSA"]
[Date "2017.12.27"]
[EventDate "2017.12.26"]
[Round "7.44"]
[Result "1-0"]
[White "Maxime Vachier-Lagrave"]
[Black "Zhao Jun"]
[WhiteElo "2789"]
[BlackElo "2604"]
[PlyCount "115"]

1. c4 Nf6 2. Nc3 g6 3. g3 Bg7 4. Bg2 O-O 5. e4 c5 6. Nge2 Nc6
7. O-O d6 8. d3 Ne8 9. Be3 Nd4 10. Rb1 Nc7 11. b4 Nce6
12. bxc5 dxc5 13. f4 Nxe2+ 14. Nxe2 b6 15. e5 Rb8 16. g4 Bb7
17. Bxb7 Rxb7 18. f5 Nc7 19. d4 Na6 20. Qa4 Nb8 21. Rbd1 cxd4
22. Nxd4 Rd7 23. Nf3 Rxd1 24. Rxd1 Qc7 25. Qb5 Nc6 26. Bf4 a6
27. Qb2 Na5 28. Qd4 Qxc4 29. Qxc4 Nxc4 30. Rd7 Re8 31. Ra7 a5
32. Rc7 b5 33. Rc5 Rb8 34. f6 Bf8 35. e6 Rd8 36. Rc7 exf6
37. e7 Bxe7 38. Rxe7 Kg7 39. Kf2 a4 40. h4 h6 41. Rb7 Rd5
42. Be3 Nxe3 43. Kxe3 h5 44. g5 fxg5 45. Nxg5 Rf5 46. Ne6+ Kf6
47. Nd4 Rc5 48. Rxb5 Rxb5 49. Nxb5 Ke5 50. Nc3 f6 51. Nxa4 g5
52. Nc5 Kd5 53. Ne4 gxh4 54. Nxf6+ Kc4 55. Ne4 h3 56. Kf2 h4
57. Nd2+ Kc3 58. Nb1+ 1-0

[Event "World Rapid Championship"]
[Site "Riyadh KSA"]
[Date "2017.12.27"]
[EventDate "2017.12.26"]
[Round "8.30"]
[Result "1/2-1/2"]
[White "Anton Demchenko"]
[Black "Maxime Vachier-Lagrave"]
[WhiteElo "2660"]
[BlackElo "2789"]
[PlyCount "116"]

1. e4 c5 2. Nf3 d6 3. Bb5+ Nd7 4. d4 cxd4 5. Qxd4 a6 6. Bxd7+
Bxd7 7. Nc3 e5 8. Qd3 Rc8 9. O-O Qc7 10. a4 Be7 11. Rd1 h6
12. Nd2 Nf6 13. Nf1 O-O 14. Ne3 Be6 15. a5 Rfd8 16. Qe2 g6
17. Bd2 Qc6 18. Be1 Kg7 19. Qf3 Rd7 20. b3 b5 21. axb6 Qxb6
22. Qe2 Rdc7 23. Rxa6 Qb7 24. Qb5 Qxb5 25. Nxb5 Rb7 26. Nxd6
Bxd6 27. Raxd6 Nxe4 28. Rd8 Rc6 29. f3 Nf6 30. R8d6 Rc5
31. Ra6 e4 32. Rd8 exf3 33. gxf3 g5 34. Ra5 Rc6 35. Bg3 Nh5
36. Bd6 Nf4 37. Rc5 Rxc5 38. Bxc5 Kg6 39. Kf2 Nh3+ 40. Ke2
Ng1+ 41. Kf2 Nh3+ 42. Kf1 h5 43. b4 f5 44. c4 f4 45. Nd5 g4
46. Kg2 gxf3+ 47. Kxf3 Bg4+ 48. Kg2 Rf7 49. Rd6+ Kf5 50. Rd8
Ng5 51. Rf8 Rxf8 52. Bxf8 Be2 53. b5 Bxc4 54. Nc3 Kg4 55. Bc5
Nh3 56. Nd1 f3+ 57. Kh1 Bxb5 58. Nf2+ Nxf2+ 1/2-1/2

[Event "World Rapid Championship"]
[Site "Riyadh KSA"]
[Date "2017.12.27"]
[EventDate "2017.12.26"]
[Round "9.30"]
[Result "1/2-1/2"]
[White "Maxime Vachier-Lagrave"]
[Black "Francisco Vallejo Pons"]
[WhiteElo "2789"]
[BlackElo "2707"]
[PlyCount "122"]

1. e4 e5 2. Nf3 Nc6 3. Bb5 a6 4. Ba4 b5 5. Bb3 Na5 6. Bxf7+
Kxf7 7. Nxe5+ Ke7 8. d4 d6 9. Nd3 Kf7 10. O-O Bb7 11. Nc3 Nf6
12. e5 dxe5 13. dxe5 Nd5 14. Ne4 Be7 15. Qh5+ Kg8 16. Ndc5 Bc6
17. Qg4 Bxc5 18. Qe6+ Kf8 19. Nxc5 Qe8 20. Qh3 Kg8 21. f4 h5
22. Nd3 Qg6 23. f5 Qg4 24. Qxg4 hxg4 25. b3 Rh5 26. Bd2 Nb7
27. Rf2 a5 28. a3 a4 29. c4 bxc4 30. bxc4 Nb6 31. f6 gxf6
32. exf6 Kf7 33. Re1 Re8 34. Rxe8 Bxe8 35. Re2 Nxc4 36. Bc3
Rf5 37. Re7+ Kf8 38. Rxc7 Nbd6 39. Bb4 Kg8 40. Rg7+ Kh8
41. Rxg4 Bf7 42. h3 Ne8 43. Bc3 Nxf6 44. Rf4 Rxf4 45. Nxf4
Nxa3 46. Bxf6+ Kh7 47. Kf2 Nc2 48. Ke2 a3 49. Kd2 Bb3 50. g3
a2 51. Kc1 Ba4 52. Nd5 a1=Q+ 53. Bxa1 Nxa1 54. Kb2 Nc2 55. Nb6
Nd4 56. Nxa4 Ne2 57. g4 Nf4 58. h4 Ng2 59. h5 Kh6 60. g5+ Kxg5
61. h6 Kxh6 1/2-1/2

[Event "World Rapid Championship"]
[Site "Riyadh KSA"]
[Date "2017.12.27"]
[EventDate "2017.12.26"]
[Round "10.30"]
[Result "0-1"]
[White "Bassem Amin"]
[Black "Maxime Vachier-Lagrave"]
[WhiteElo "2670"]
[BlackElo "2839"]
[PlyCount "56"]

1. e4 c5 2. Nf3 d6 3. g3 Nf6 4. d3 b6 5. Bg2 Bb7 6. O-O e6
7. a4 Be7 8. Nfd2 Nc6 9. f4 O-O 10. g4 d5 11. e5 Ne8 12. Nf3
f6 13. c3 fxe5 14. fxe5 d4 15. c4 Nc7 16. Qe2 Qe8 17. Na3 Qg6
18. g5 Nb4 19. Nh4 Qxd3 20. Qxd3 Nxd3 21. Bxb7 Rxf1+ 22. Kxf1
Rb8 23. Be4 Nxc1 24. Nf3 Nb3 25. Rd1 Rf8 26. Ke2 Rf4 27. Bc2
Na5 28. Nb5 Nxb5 0-1

[Event "World Rapid Championship"]
[Site "Riyadh KSA"]
[Date "2017.12.28"]
[EventDate "2017.12.26"]
[Round "11.21"]
[Result "0-1"]
[White "Andrey Esipenko"]
[Black "Maxime Vachier-Lagrave"]
[WhiteElo "2564"]
[BlackElo "2789"]
[PlyCount "82"]

1. d4 Nf6 2. c4 g6 3. Nc3 d5 4. cxd5 Nxd5 5. e4 Nxc3 6. bxc3
c5 7. Bb5+ Bd7 8. Be2 Qa5 9. Bd2 Bg7 10. Nf3 O-O 11. O-O Ba4
12. Qc1 Nd7 13. c4 Qa6 14. d5 e6 15. Bc3 exd5 16. exd5 Rfe8
17. Bd3 Bxc3 18. Qxc3 b5 19. cxb5 Bxb5 20. Bxb5 Qxb5 21. Rab1
Qa6 22. h4 Qd6 23. Rbd1 Nf6 24. Rd3 Rab8 25. Rc1 Ne4 26. Qa3
c4 27. Qxd6 Nxd6 28. Ra3 Rb2 29. Ra6 Rd8 30. Rxa7 c3 31. Rc7
Ra8 32. R1xc3 Raxa2 33. Rd7 Nf5 34. Rc8+ Kg7 35. Ng5 Nh6
36. Nh3 Rb1+ 37. Kh2 Ng4+ 38. Kg3 Nf6 39. Rdc7 Rb3+ 40. f3
Nh5+ 41. Kh2 Rbb2 0-1

[Event "World Rapid Championship"]
[Site "Riyadh KSA"]
[Date "2017.12.28"]
[EventDate "2017.12.26"]
[Round "12.15"]
[Result "1-0"]
[White "Maxime Vachier-Lagrave"]
[Black "Luke McShane"]
[WhiteElo "2839"]
[BlackElo "2697"]
[PlyCount "79"]

1. e4 e5 2. Nf3 Nc6 3. Bc4 Bc5 4. c3 Nf6 5. d3 d6 6. O-O O-O
7. Re1 a6 8. a4 Ba7 9. h3 h6 10. Nbd2 Re8 11. b4 Qe7 12. Bb3
Be6 13. Nf1 Qd7 14. Bxe6 Qxe6 15. Ng3 Ne7 16. Qc2 Rad8 17. d4
c6 18. Be3 Bb8 19. b5 Ng6 20. bxc6 bxc6 21. Rab1 Bc7 22. c4
Ba5 23. d5 Qd7 24. Bd2 Bxd2 25. Nxd2 Rb8 26. Nf5 Nf4 27. Rxb8
Rxb8 28. dxc6 Qc7 29. Rb1 Re8 30. Rb7 Qxc6 31. Ne7+ Rxe7
32. Rxe7 Nd7 33. Re8+ Kh7 34. Qd1 Nc5 35. Rf8 Qc7 36. Qg4 Ng6
37. Qf5 f6 38. h4 Ne6 39. Ra8 Qb7 40. h5 1-0

[Event "World Rapid Championship"]
[Site "Riyadh KSA"]
[Date "2017.12.28"]
[EventDate "2017.12.26"]
[Round "13.9"]
[Result "1/2-1/2"]
[White "Dmitry Kokarev"]
[Black "Maxime Vachier-Lagrave"]
[WhiteElo "2615"]
[BlackElo "2789"]
[PlyCount "64"]

1. e4 c5 2. Nf3 d6 3. d4 cxd4 4. Qxd4 Nf6 5. Bb5+ Bd7 6. c4 g6
7. Nc3 Bg7 8. Bxd7+ Nbxd7 9. h3 O-O 10. Qd3 a6 11. O-O b5
12. cxb5 Nc5 13. Qe3 axb5 14. e5 Nfd7 15. exd6 exd6 16. Nxb5
Qb8 17. Nbd4 Re8 18. Qd2 Qb7 19. Qd1 Ne5 20. a3 Na4 21. Nxe5
dxe5 22. Qb3 Qa6 23. Nc2 Nc5 24. Qc3 Rec8 25. Nb4 Qe6 26. Rb1
e4 27. Qg3 Nb3 28. Bf4 Nd4 29. Qe3 Nf5 30. Qe2 Nd4 31. Qe3 Nf5
32. Qe2 Nd4 1/2-1/2